[Event "23rd EUR-ch"]
[Site "Vrnjacka Banja SRB"]
[Date "2023.03.13"]
[Round "11.206"]
[White "Lauda, Alexandr"]
[Black "Martinkus, Rolandas"]
[Result "1/2-1/2"]
[WhiteElo "2084"]
[BlackElo "1985"]
[EventDate "2023.03.03"]
[PlyCount "42"]

1.e4 e5 2.Nf3 Nc6 3.Bc4 Nf6 4.d4 exd4 5.O-O Nxe4 6.Re1 d5 7.Bxd5 Qxd5 8.
Nc3 Qa5 9.Nxe4 Be6 10.Neg5 O-O-O 11.Nxe6 fxe6 12.Rxe6 h6 13.Qe2 Qd5 14.Bf4
g5 15.Bg3 d3 16.cxd3 g4 17.Nh4 Nd4 18.Qe5 Nxe6 19.Qxh8 Qxd3 20.Qe5 Qd1+ 
21.Qe1 Qxe1+ 1/2-1/2

[Event "23rd EUR-ch"]
[Site "Vrnjacka Banja SRB"]
[Date "2023.03.13"]
[Round "11.207"]
[White "Kienboeck, Benjamin"]
[Black "Antonioudakis, Georgios"]
[Result "1/2-1/2"]
[WhiteElo "2066"]
[BlackElo "1953"]
[EventDate "2023.03.03"]
[PlyCount "120"]

1.e4 c5 2.Nf3 d6 3.d4 cxd4 4.Nxd4 Nf6 5.Nc3 a6 6.h3 Nc6 7.g4 g6 8.Bg2 Nxd4
9.Qxd4 Bg7 10.Be3 O-O 11.Qd2 Qa5 12.O-O Rd8 13.f4 Be6 14.Qf2 Nd7 15.f5 Bc4
16.fxg6 fxg6 17.Nd5 Bxd5 18.exd5 Rf8 19.Qh4 Bf6 20.Bg5 Bxb2 21.Rae1 Bd4+ 
22.Be3 Rxf1+ 23.Bxf1 Ne5 24.Qxe7 Qxe1 25.Qe6+ Nf7 26.Bxd4 Qxe6 27.dxe6 Ne5
28.Bg2 Nc6 29.Bf6 Kf8 30.c3 Rb8 31.Kf2 Ne7 32.h4 b5 33.a3 a5 34.h5 b4 35.
hxg6 Nxg6 36.cxb4 axb4 37.axb4 Rxb4 38.Kg3 Rb3+ 39.Kf2 Ne5 40.Ke2 Rg3 41.
Be4 Rxg4 42.Bxh7 Rg2+ 43.Kd1 Rh2 44.Bc2 Rh6 45.Bxe5 dxe5 46.Bb3 Rh2 47.Ke1
Ke7 48.Kd1 Kd6 49.Ke1 Rb2 50.Bc4 e4 51.Kd1 e3 52.Ke1 Rb4 53.Bd3 Rb2 54.Bc4
Rb7 55.Ke2 Kc5 56.Ba6 Re7 57.Bc8 Kd4 58.Bd7 Rh7 59.Ke1 Rh1+ 60.Ke2 Rh2+ 
1/2-1/2

[Event "23rd EUR-ch"]
[Site "Vrnjacka Banja SRB"]
[Date "2023.03.13"]
[Round "11.208"]
[White "Jovanovic, Sasa T."]
[Black "Popovic, Igor"]
[Result "1-0"]
[WhiteElo "2130"]
[BlackElo "1831"]
[EventDate "2023.03.03"]
[PlyCount "69"]

1.Nf3 Nf6 2.g3 g6 3.b3 Bg7 4.Bb2 O-O 5.Bg2 d6 6.d4 c5 7.O-O Qc7 8.c4 Nbd7 
9.Nc3 a6 10.Qc2 e6 11.Rac1 Rb8 12.dxc5 dxc5 13.a4 b6 14.Ne4 Bb7 15.Nxf6+ 
Bxf6 16.Rfd1 Bxf3 17.Bxf3 Bxb2 18.Qxb2 Qe5 19.Qd2 Nf6 20.Qd6 Qb2 21.Ra1 
Qc2 22.Qe5 Rfd8 23.Kg2 Qf5 24.Qc7 Rdc8 25.Qf4 Qxf4 26.gxf4 b5 27.cxb5 axb5
28.a5 Rd8 29.Rxd8+ Rxd8 30.Bb7 Nd5 31.Rc1 c4 32.bxc4 bxc4 33.Rxc4 Rd7 34.
a6 Nb6 35.Rc6 1-0

[Event "23rd EUR-ch"]
[Site "Vrnjacka Banja SRB"]
[Date "2023.03.13"]
[Round "11.209"]
[White "Bozanic, Jovan"]
[Black "Demir, Baran"]
[Result "1-0"]
[WhiteElo "1934"]
[BlackElo "2122"]
[EventDate "2023.03.03"]
[PlyCount "104"]

1.e4 c6 2.d4 d5 3.exd5 cxd5 4.Bd3 Nc6 5.c3 Qc7 6.Ne2 Bg4 7.f3 Bd7 8.Bf4 e5
9.dxe5 Nxe5 10.O-O Bd6 11.Bc2 Ne7 12.Kh1 O-O-O 13.Ba4 f6 14.Nd2 g5 15.Bg3 
Nf5 16.Bf2 Nc4 17.Nxc4 dxc4 18.Nd4 Bxh2 19.Re1 Bg3 20.Bxd7+ Rxd7 21.Qc2 
Nxd4 22.cxd4 Bxf2 23.Qxf2 Rhd8 24.Rad1 Qb6 25.Qc2 Rxd4 26.Rxd4 Qxd4 27.
Qxh7 Qxb2 28.Rb1 c3 29.Rxb2 cxb2 30.Qc2+ Kb8 31.Qxb2 Rd6 32.Kg1 a6 33.Kf2 
b5 34.a4 Rb6 35.Qb4 Kc7 36.Qe7+ Kc8 37.Qc5+ Kb7 38.Qd5+ Kc7 39.Qc5+ Kb7 
40.a5 Rc6 41.Qe7+ Kc8 42.Ke3 b4 43.Qxb4 Kd7 44.Ke4 Ke6 45.Qb3+ Kd6 46.Qd3+
Ke7 47.Kf5 Rc5+ 48.Kg6 Rc6 49.g4 Re6 50.Qf5 Rd6 51.Qc8 Rd7 52.Qc6 Rd6 1-0

[Event "23rd EUR-ch"]
[Site "Vrnjacka Banja SRB"]
[Date "2023.03.13"]
[Round "11.211"]
[White "Hlebec, Darko"]
[Black "Korkmaz, Necmettin"]
[Result "0-1"]
[WhiteElo "1900"]
[BlackElo "2106"]
[EventDate "2023.03.03"]
[PlyCount "68"]

1.e4 c5 2.Nf3 e6 3.c3 Nf6 4.e5 Nd5 5.c4 Ne7 6.Be2 Nbc6 7.O-O Ng6 8.b3 
Ngxe5 9.Bb2 Nxf3+ 10.Bxf3 Nd4 11.Bxd4 cxd4 12.d3 Be7 13.Nd2 O-O 14.Re1 f5 
15.Qe2 Bf6 16.g3 d6 17.Qf1 Qa5 18.Qe2 Bg5 19.Red1 Rb8 20.h4 Bf6 21.a3 Bd7 
22.b4 Qc7 23.Rdc1 Rbe8 24.Qf1 g5 25.hxg5 Bxg5 26.Rc2 Re7 27.a4 Rg7 28.Qg2 
Bc6 29.Kh1 e5 30.b5 Bxf3 31.Nxf3 Bf6 32.Nh4 Bxh4 33.Qd5+ Kh8 34.gxh4 Qe7 
0-1

[Event "23rd EUR-ch"]
[Site "Vrnjacka Banja SRB"]
[Date "2023.03.13"]
[Round "11.212"]
[White "Labrovic, Jakov"]
[Black "Sekelja, Marko"]
[Result "1/2-1/2"]
[WhiteElo "1888"]
[BlackElo "2089"]
[EventDate "2023.03.03"]
[PlyCount "23"]

1.d4 c6 2.c4 d5 3.e3 Nf6 4.Nc3 e6 5.Nf3 Nbd7 6.Be2 Be7 7.O-O O-O 8.Bd2 
dxc4 9.Bxc4 b5 10.Bd3 Bb7 11.Rc1 a6 12.Re1 1/2-1/2

[Event "23rd EUR-ch"]
[Site "Vrnjacka Banja SRB"]
[Date "2023.03.13"]
[Round "11.213"]
[White "Pousada Garcia, Daniel"]
[Black "Senel, Hayri Beyhun"]
[Result "1-0"]
[WhiteElo "2050"]
[BlackElo "1904"]
[EventDate "2023.03.03"]
[PlyCount "57"]

1.e4 c5 2.Nf3 e6 3.c3 Nf6 4.e5 Nd5 5.Bc4 d6 6.d4 cxd4 7.cxd4 Be7 8.O-O O-O
9.Qe2 Bd7 10.Nc3 Nxc3 11.bxc3 Bc6 12.Bf4 d5 13.Bd3 Re8 14.g3 Nd7 15.h4 Nf8
16.Ng5 g6 17.Kg2 Kg7 18.Rh1 f6 19.exf6+ Bxf6 20.Qg4 e5 21.dxe5 Bxe5 22.
Bxe5+ Rxe5 23.Nf3 Re8 24.h5 Qf6 25.hxg6 Nxg6 26.Nd4 Rad8 27.Bf5 Kg8 28.Rh6
Kg7 29.Rah1 1-0

[Event "23rd EUR-ch"]
[Site "Vrnjacka Banja SRB"]
[Date "2023.03.13"]
[Round "11.214"]
[White "Velkoski, Stojan"]
[Black "Konstantinidis, Konstantinos"]
[Result "0-1"]
[WhiteElo "1868"]
[BlackElo "2047"]
[EventDate "2023.03.03"]
[PlyCount "84"]

1.e4 e5 2.Nf3 Nc6 3.Bc4 Nf6 4.d3 Be7 5.Nc3 d6 6.a4 a5 7.h3 O-O 8.O-O Be6 
9.Re1 Bxc4 10.dxc4 Re8 11.Be3 Bf8 12.Bg5 h6 13.Bxf6 Qxf6 14.Nd5 Qd8 15.Kh2
Nb8 16.g4 c6 17.Ne3 g6 18.h4 Nd7 19.h5 Nc5 20.hxg6 fxg6 21.g5 hxg5 22.Rg1 
Be7 23.Nh4 Kg7 24.Nhf5+ gxf5 25.Nxf5+ Kf7 26.Qh5+ Ke6 27.Qg4 Kd7 28.Nxd6+ 
Kc7 29.Nxe8+ Qxe8 30.b3 Qf7 31.f3 Ne6 32.Rgd1 Rh8+ 33.Kg3 Rh4 34.Qf5 Qxf5 
35.exf5 Nd4 36.Rh1 Nxf5+ 37.Kg2 Ne3+ 38.Kg3 Nxc2 39.Rad1 Nd4 40.Rxh4 gxh4+
41.Kg4 Nxb3 42.Kf5 Bd6 0-1

[Event "23rd EUR-ch"]
[Site "Vrnjacka Banja SRB"]
[Date "2023.03.13"]
[Round "11.215"]
[White "Oliinyk, Serafim"]
[Black "Djordjevic, Nevena"]
[Result "1-0"]
[WhiteElo "2042"]
[BlackElo "1889"]
[EventDate "2023.03.03"]
[PlyCount "81"]

1.e4 c5 2.Nf3 e6 3.d4 cxd4 4.Nxd4 Nc6 5.Nc3 Qc7 6.Be3 a6 7.Qf3 Nf6 8.O-O-O
Be7 9.Be2 O-O 10.g4 d6 11.g5 Nd7 12.h4 Nxd4 13.Bxd4 b5 14.a3 Bb7 15.g6 
fxg6 16.Qh3 Rfe8 17.Qxe6+ Kh8 18.Qh3 Bf6 19.h5 Bxe4 20.Nxe4 Rxe4 21.hxg6 
h6 22.Bxf6 Nxf6 23.Bd3 Re5 24.f4 Rh5 25.Qe6 Rxh1 26.Rxh1 a5 27.Re1 b4 28.
a4 d5 29.Qe5 Qc8 30.Bb5 Qc5 31.Qe7 Qc8 32.Kb1 Ng8 33.Qe5 Nf6 34.f5 Qf8 35.
Qe7 Qc8 36.Re6 Ng8 37.Qf7 Qc5 38.Rc6 Qg1+ 39.Ka2 Rd8 40.f6 d4 41.Qxg7# 1-0

[Event "23rd EUR-ch"]
[Site "Vrnjacka Banja SRB"]
[Date "2023.03.13"]
[Round "11.216"]
[White "Pirvulescu, Adrian"]
[Black "Gusev, Mikhail"]
[Result "1-0"]
[WhiteElo "1738"]
[BlackElo "2039"]
[EventDate "2023.03.03"]
[PlyCount "66"]

1.e4 c5 2.Nf3 e6 3.d4 cxd4 4.Nxd4 Qb6 5.Be3 Bc5 6.Na3 d5 7.Bb5+ Bd7 8.O-O 
Ne7 9.b4 Bxb4 10.Nf5 Qa5 11.Nxg7+ Kd8 12.Bxd7 Bxa3 13.exd5 Nxd7 14.dxe6 
fxe6 15.Nxe6+ Kc8 16.Qd4 Re8 17.Rfd1 Ne5 18.Qh4 Qa6 19.Qh3 Kb8 20.Rab1 
N7g6 21.Qxh7 Be7 22.Nc5 Bxc5 23.Bxc5 Qc6 24.Rd6 Qc7 25.Qxc7+ Kxc7 26.Rf6 
Rg8 27.Bd6+ Kd7 28.Rxb7+ Kc6 29.Rc7+ Kd5 30.Rc5+ Ke4 31.f3+ Ke3 32.Bxe5 
Rad8 33.Rd6 Rde8 1-0

[Event "23rd EUR-ch"]
[Site "Vrnjacka Banja SRB"]
[Date "2023.03.13"]
[Round "11.218"]
[White "Kovac, Mihael"]
[Black "Nikanova, Ekaterina"]
[Result "1/2-1/2"]
[WhiteElo "1784"]
[BlackElo "2032"]
[EventDate "2023.03.03"]
[PlyCount "121"]

1.e4 c5 2.Nf3 e6 3.d4 cxd4 4.Nxd4 Nc6 5.Nc3 Qc7 6.Nxc6 bxc6 7.Qd3 Nf6 8.
Qg3 Qxg3 9.hxg3 Bb4 10.Bd2 d5 11.Bd3 h6 12.O-O-O a6 13.f3 Bb7 14.Rh4 Be7 
15.Rh3 Nd7 16.g4 Rg8 17.Bf4 Nc5 18.Rh5 f6 19.Be2 e5 20.Bg3 O-O-O 21.Bf2 
Kb8 22.a3 dxe4 23.Bxc5 Rxd1+ 24.Kxd1 Rd8+ 25.Ke1 Bxc5 26.Nxe4 Be3 27.Bd3 
Bc1 28.b3 Bxa3 29.Rh1 Kc7 30.Ke2 Be7 31.Ra1 Ra8 32.Nd2 Bb4 33.Ne4 Be7 34.
Rd1 a5 35.Bc4 a4 36.bxa4 Rxa4 37.Be6 Rd4 38.Ra1 Rd8 39.Bc4 Ra8 40.Rd1 Rd8 
41.Ra1 Ra8 42.Rxa8 Bxa8 43.Ba6 c5 44.Kd3 Bc6 45.Bc4 Bf8 46.Ng3 g6 47.Bg8 
Kb6 48.Kc3 Kb5 49.Kb3 Bd7 50.c4+ Kb6 51.Bh7 Be8 52.Bg8 Kc7 53.Be6 Bd7 54.
Bf7 f5 55.gxf5 gxf5 56.Bg6 f4 57.Ne2 Kd6 58.Nc3 Ke6 59.Be4 Be7 60.Kc2 Bh4 
61.Bd5+ 1/2-1/2

[Event "23rd EUR-ch"]
[Site "Vrnjacka Banja SRB"]
[Date "2023.03.13"]
[Round "11.219"]
[White "Kanana, Ziad"]
[Black "Dimitrijevic, Andjela"]
[Result "1/2-1/2"]
[WhiteElo "1757"]
[BlackElo "1863"]
[EventDate "2023.03.03"]
[PlyCount "118"]

1.e4 c5 2.Nf3 d6 3.d4 cxd4 4.Nxd4 Nf6 5.Nc3 Nc6 6.Bg5 e6 7.Bb5 Bd7 8.Qd3 
Nxd4 9.Bxd7+ Qxd7 10.Qxd4 Be7 11.O-O-O Rc8 12.Bxf6 Bxf6 13.Qxd6 Qxd6 14.
Rxd6 Bxc3 15.bxc3 Ke7 16.Rhd1 Rc7 17.R1d3 Rhc8 18.Kb2 h6 19.R6d4 Ke8 20.
Rg3 Kf8 21.Rgd3 Ke8 22.f4 Rc5 23.e5 h5 24.g3 g6 25.h3 R5c7 26.Rb4 Ke7 27.
Ra4 Ra8 28.g4 hxg4 29.hxg4 Rc5 30.Rad4 Rc7 31.Rh3 Rac8 32.Re4 Rc5 33.Ra4 
Ra8 34.c4 Kd7 35.Rb4 Rc7 36.Rd3+ Ke7 37.Ra3 a5 38.Rb5 Rxc4 39.Rh3 Ra7 40.
f5 exf5 41.gxf5 gxf5 42.Rc3 Rb4+ 43.Rb3 Ke6 44.R3xb4 axb4 45.Kc1 f4 46.Kd2
f3 47.Ke3 f2 48.Kxf2 Rxa2 49.Rxb4 Rxc2+ 50.Kf3 Kxe5 51.Rxb7 Rc3+ 52.Kf2 f5
53.Rb4 f4 54.Rb5+ Ke4 55.Rb4+ Kf5 56.Rb8 Rc5 57.Rf8+ Ke4 58.Re8+ Re5 59.
Rxe5+ Kxe5 1/2-1/2

[Event "23rd EUR-ch"]
[Site "Vrnjacka Banja SRB"]
[Date "2023.03.13"]
[Round "11.220"]
[White "Gogic, Anastasija"]
[Black "Nikolovski, David"]
[Result "0-1"]
[WhiteElo "1772"]
[BlackElo "1860"]
[EventDate "2023.03.03"]
[PlyCount "86"]

1.e4 d6 2.d4 Nf6 3.Nc3 e5 4.Nf3 Nbd7 5.Bc4 h6 6.O-O Be7 7.Qe2 c6 8.Nd1 b5 
9.dxe5 dxe5 10.Bd3 O-O 11.Ne3 Re8 12.Nf5 Bf8 13.Rd1 Qc7 14.Ng3 Nc5 15.h3 
Be6 16.Be3 Rad8 17.Nh2 a6 18.Qf1 Nxd3 19.cxd3 c5 20.b3 Rc8 21.Rac1 Qa5 22.
Rc2 Red8 23.f4 exf4 24.Bxf4 Be7 25.Be5 Qb6 26.Kh1 Nd7 27.Ba1 Bf6 28.Nf5 
Bxf5 29.Qxf5 Bxa1 30.Rxa1 Qf6 31.Rf1 Qxf5 32.Rxf5 Nf6 33.e5 Ne8 34.Rcf2 
Rxd3 35.Rxf7 Rd1+ 36.Nf1 Nf6 37.Ra7 Ne4 38.Rf3 Nd2 39.Kg1 Nxf3+ 40.gxf3 c4
41.bxc4 bxc4 42.Kf2 Rxf1+ 43.Kxf1 c3 0-1

[Event "23rd EUR-ch"]
[Site "Vrnjacka Banja SRB"]
[Date "2023.03.13"]
[Round "11.221"]
[White "Tabakovski, Dino"]
[Black "Arandjelovic, Aleksandar Z."]
[Result "1-0"]
[WhiteElo "1692"]
[BlackElo "1828"]
[EventDate "2023.03.03"]
[PlyCount "89"]

1.d4 f5 2.g3 Nf6 3.Bg2 g6 4.Nh3 Bg7 5.Nf4 d5 6.h4 c6 7.Nd2 e5 8.dxe5 Ng4 
9.e6 Qb6 10.O-O O-O 11.Nf3 Re8 12.h5 Bxe6 13.hxg6 hxg6 14.Nxg6 Nd7 15.Nf4 
Bf7 16.Qd3 Re4 17.c3 Bf6 18.Bh3 Rae8 19.Kg2 a5 20.Nh2 Nde5 21.Qc2 Nxh2 22.
Kxh2 Ng6 23.Bxf5 Rxf4 24.Bxf4 Nxf4 25.gxf4 Bh5 26.Rg1+ Kf8 27.e3 Ke7 28.
Rg3 Rh8 29.Bh3 Bf7 30.Kg2 Bh4 31.Qf5 Rh6 32.Rg7 Rf6 33.Qe5+ Kf8 34.Rg4 
Qxb2 35.Rf1 Bg6 36.Rxh4 Be4+ 37.Kh2 Kf7 38.Qc7+ Kg8 39.Rg4+ Rg6 40.Qd8+ 
Kg7 41.Qe7+ Kg8 42.Rxg6+ Bxg6 43.Be6+ Kh8 44.Qf6+ Kh7 45.Kg3 1-0

[Event "23rd EUR-ch"]
[Site "Vrnjacka Banja SRB"]
[Date "2023.03.13"]
[Round "11.222"]
[White "Alexandri, Dimitra"]
[Black "Sakovich, Luka"]
[Result "1-0"]
[WhiteElo "1586"]
[BlackElo "1799"]
[EventDate "2023.03.03"]
[PlyCount "62"]

1.d4 Nf6 2.c4 e6 3.Nc3 Bb4 4.Qc2 O-O 5.e4 d5 6.e5 Ne4 7.Bd3 c5 8.Nf3 cxd4 
9.Nxd4 Nd7 10.Bf4 Qh4 11.g3 Qh5 12.O-O g5 13.cxd5 Bxc3 14.bxc3 exd5 15.Be3
Nxe5 16.f3 Nxd3 17.Qxd3 Nd6 18.g4 Qh4 19.Ne2 Be6 20.Ng3 f5 21.Bc5 Rad8 22.
Rae1 Rf6 23.Rxe6 Rxe6 24.Qxd5 Re8 25.gxf5 Nxf5 26.Nxf5 Qf4 27.Bd4 Qc7 28.
Ng7 Qf7 29.Nxe6 Qxe6 30.Qxg5+ Qg6 31.Qxg6+ hxg6 1-0

[Event "23rd EUR-ch"]
[Site "Vrnjacka Banja SRB"]
[Date "2023.03.13"]
[Round "11.224"]
[White "Kamenov, Valentin"]
[Black "Mitrovic, Vladan"]
[Result "0-1"]
[WhiteElo "1704"]
[BlackElo "1871"]
[EventDate "2023.03.03"]
[PlyCount "40"]

1.e4 g6 2.d4 Bg7 3.Nf3 d6 4.Bc4 Nf6 5.Qe2 O-O 6.Nc3 c6 7.e5 dxe5 8.dxe5 
Nd5 9.Ne4 b5 10.Bb3 a5 11.a4 Nb4 12.Bf4 Ba6 13.Rd1 Qc8 14.Qd2 bxa4 15.Bxa4
Nd5 16.Bh6 Qg4 17.Bxc6 Qxe4+ 18.Be3 Nxe3 19.fxe3 Nxc6 20.Kf2 Nxe5 0-1

[Event "23rd EUR-ch"]
[Site "Vrnjacka Banja SRB"]
[Date "2023.03.13"]
[Round "11.226"]
[White "Orlovic, Lucie"]
[Black "Bozic, Sasa"]
[Result "0-1"]
[WhiteElo "1004"]
[BlackElo "1839"]
[EventDate "2023.03.03"]
[PlyCount "58"]

1.e4 c5 2.Nf3 d6 3.Bc4 e6 4.O-O Be7 5.g3 Nf6 6.d3 a6 7.Bg5 b5 8.Bb3 Bb7 9.
Bxf6 Bxf6 10.c3 Nd7 11.Re1 O-O 12.d4 Qc7 13.e5 dxe5 14.dxe5 Nxe5 15.Nbd2 
Rad8 16.Qe2 Qc6 17.Qe4 Nxf3+ 18.Qxf3 Rxd2 19.Qxc6 Bxc6 20.Rab1 Rfd8 21.Bd1
Kf8 22.Kf1 c4 23.Be2 Be7 24.Red1 Be4 25.Rbc1 Rxb2 26.Rxd8+ Bxd8 27.Rd1 Ke8
28.Rd4 Bd5 29.Rf4 Rb1+ 0-1